| 000 | 01480cad a22002295a 4500 | ||
|---|---|---|---|
| 001 | L144542 | ||
| 008 | 110419s20080728xxkd f s 000 0 eng u | ||
| 035 | _a(Sirsi) u144542 | ||
| 041 | _aeng | ||
| 050 | _a630 $2 18 | ||
| 110 | 2 |
_aRoyal Institution of Chartered Surveyors _bEconomics _95033 |
|
| 245 | 0 | 0 |
_aRICS rural land market survey Great Britain _bH1 2008 _h[electronic resource] |
| 260 |
_aLondon _bRICS _c2008 |
||
| 490 | 0 | 0 |
_aRICS Rural Land Market Survey Great Britain _vFirst Half 2008 |
| 520 | _aRural land prices rose at the strongest pace in the survey's history during the first half of 2008, increasing by 24%. As predicted in the second half 2007 survey (H2 2007), lifestyle buyers have dropped significantly as a result of the credit crunch (from a net balance of 30% to a net balance of -25%). Increases in commodity prices have encouraged farmers to purchase land in competition with investors, resulting in a significant increase in the demand for arable land. The weighted average price of farm land rose to £12 965 per hectare, up from £10 439 in the first half 2007 survey (H1 2007). | ||
| 590 | _aKA | ||
| 650 | 2 | 4 | _aRICS RURAL LAND MARKET SURVEY GREAT BRITAIN |
| 651 | 4 |
_aGreat Britain _y1707- |
|
| 690 | _aPROPERTY-RURAL AND NATURAL ASSETS-RURAL AND NATURAL ASSET MARKET | ||
| 856 | 4 | 0 |
_uhttps://www.rics.org/profession-standards/knowledge-and-information-services/document-delivery-and-o _zemail [email protected] to request a copy |
| 942 | _n0 | ||
| 999 |
_c108534 _d108534 |
||